Welcome to CU Library Online Public Access Catalogue (OPAC)

BRALE-BAS EN NOIR ET BLANC (Record no. 7598)

MARC details
000 -LEADER
fixed length control field 00346nam a22001457a 4500
005 - DATE AND TIME OF LATEST TRANSACTION
control field 20250919092137.0
008 - FIXED-LENGTH DATA ELEMENTS--GENERAL INFORMATION
fixed length control field 250919b |||||||| |||| 00| 0 eng d
020 ## - INTERNATIONAL STANDARD BOOK NUMBER
International Standard Book Number 9782266108713
050 ## - LIBRARY OF CONGRESS CALL NUMBER
Classification number PQ3989
Item number .2.B45 BET
100 ## - MAIN ENTRY--PERSONAL NAME
Personal name BETI MONGO
245 ## - TITLE STATEMENT
Title BRALE-BAS EN NOIR ET BLANC
260 ## - PUBLICATION, DISTRIBUTION, ETC.
Place of publication, distribution, etc. PARIS
Date of publication, distribution, etc. 2000
300 ## - PHYSICAL DESCRIPTION
Extent 351p
942 ## - ADDED ENTRY ELEMENTS (KOHA)
Source of classification or shelving scheme Library of Congress Classification
Koha item type Books
Suppress in OPAC No
999 ## -
-- 7598
-- 7598
Holdings
Withdrawn status Lost status Source of classification or shelving scheme Damaged status Not for loan Collection Home library Current library Shelving location Date acquired Total checkouts Full call number Barcode Date last seen Copy number Price effective from Koha item type
    Library of Congress Classification     Fiction Undergraduate Library (Christ Temple) Undergraduate Library (Christ Temple) General stacks 09/19/2025   PQ3989.2.B45 BET ulct00004852 09/19/2025 1 09/19/2025 Books
© 2023-2024 Copyright: Central University Libraries. All Rights Reserved | Created by: Mahone Tech Office